000 01359cam a2200325 i 4500
001 19410186
003 OSt
005 20260218073704.0
008 161216s2016 ii b 001 0 eng d
010 _a 2016479559
020 _a9780199466689
020 _a0199466688
035 _a(OCoLC)ocn934617673
040 _aERASA
_beng
_cERASA
_erda
_dOCLCQ
_dYDXCP
_dBDX
_dDKAGE
_dOCLCO
_dOCLCF
_dGUL
_dBTCTA
_dNLE
_dDLC
041 0 _aeng
042 _alccopycat
043 _aa-ii---
082 0 4 _a346.540666 SIN
100 1 _aSingh, Raghvendra K.
245 1 0 _aLaw and regulation of public offering of corporate securities /
_cRaghvendra K. Singh and Shailendera K. Singh
250 _a1st ed.
264 1 _aNew Dehli :
_bOxford University Press,
_c2016.
300 _axliii, 313 p. ;
_c22 cm
505 _a• Foundational terms and concepts; • Evolution of regulation of public offerings; • Public offer and prospectus; • Regulatory agencies; • Public offering programme: general; • Public offering programme: public issue; • Liabilities and regulatory actions.
650 0 _aGoing public (Securities)
_xLaw and legislation
_zIndia.
700 1 _aSingh, Shailendera K.
906 _a7
_bcbc
_ccopycat
_d2
_encip
_f20
_gy-gencatlg
942 _2ddc
_cBK
999 _c112879
_d112879